The Quantum Dice / (Record no. 189386)

MARC details
000 -LEADER
fixed length control field 00588nam a22001817a 4500
005 - DATE AND TIME OF LATEST TRANSACTION
control field 20220627151812.0
010 ## - LCCN (DPL NO)
LC control number ENG-133395
020 ## - INTERNATIONAL STANDARD BOOK NUMBER
International Standard Book Number 9789350536513
Terms of availability 1500.00
035 ## - SYSTEM CONTROL NUMBER
System control number EN-116927
037 ## - SOURCE OF ACQUISITION
Source of stock number/acquisition DBAD/PUB
082 ## - DEWEY DECIMAL CLASSIFICATION NUMBER
Classification number 003.7
100 ## - MAIN ENTRY--PERSONAL NAME
Personal name Chauhan, Lincoln K
245 ## - TITLE STATEMENT
Title The Quantum Dice /
Statement of responsibility, etc Lincoln K. Chauhan
260 ## - PUBLICATION, DISTRIBUTION, ETC. (IMPRINT)
Place of publication, distribution, etc New Delhi
Name of publisher, distributor, etc Cyber Tech Publications
Date of publication, distribution, etc 2018
270 ## - ADDRESS
Address 4264/3, Ansari Road, Darya Ganj
City New Delhi
Postal code 110002
Telephone number 01123244078
Electronic mail address cybertechpublications@gmail.com
300 ## - PHYSICAL DESCRIPTION
Extent v.200p
Dimensions 24cm(hb)
Other physical details Biblography
942 ## - ADDED ENTRY ELEMENTS (KOHA)
Source of classification or shelving scheme Dewey Decimal Classification
Item type English Books
Classification part 003.7
Call number suffix CHA
Holdings
Withdrawn status Lost status Not for loan Collection code Home library Current library Date acquired Source of acquisition Cost, normal purchase price Full call number Barcode Copy number Cost, replacement price Koha item type
      Non-fiction Sarojini Nagar Sarojini Nagar 27/06/2022 DBAD/PUB 1500.00 003.7 CHA EN-116927 1 1500.00 English Books

© Delhi Public Library
Hit Counter
free hit counter